000 01467cam a22003618i 4500
999 _c57526
_d57526
001 20599939
005 20221107172553.0
006 m |o d |
007 cr_|||||||||||
008 180725s2018 mau ob 001 0 eng
010 _a 2018035802
020 _a9781328695758 (ebook) X
020 _z9781328695741 (hardback) X
041 _aeng
080 _a32+316 S-62
082 0 0 _a302.23/1
_223
100 1 _aSinger, P. W.
_q(Peter Warren),
_eauthor.
_98984
245 1 0 _aLikewar :
_bthe weaponization of social media /
_cP.W. Singer and Emerson T. Brooking.
246 3 _aLike war
264 1 _aBoston :
_bEamon Dolan/Houghton Mifflin Harcourt,
_c2018.
300 _a1 online resource.
337 _acomputer
_bn
_2rdamedia
338 _aonline resource
_bnc
_2rdacarrier
588 _aDescription based on print version record and CIP data provided by publisher; resource not viewed.
650 7 _aPOLITICAL SCIENCE / Government / International.
_2bisacsh
_98990
650 7 _aSOCIAL SCIENCE / Future Studies.
_2bisacsh
_98991
650 7 _aTECHNOLOGY & ENGINEERING / General.
_2bisacsh
_98992
653 _aპოლიტიკა
653 _aსოციალური მედია
700 1 _aBrooking, Emerson T.,
_eავტორი
_98983
776 0 8 _iPrint version:
_aSinger, P. W. (Peter Warren), author.
_tLikewar
_dBoston : Eamon Dolan/Houghton Mifflin Harcourt, 2018
_z9781328695741
_w(DLC) 2018017519
942 _2udc
_cBK